| 000 | 00394nam a2200145Ia 4500 | ||
|---|---|---|---|
| 008 | 231129s1991||||xx |||||||||||||| ||spa|| | ||
| 020 | _a958-04-1482-2 | ||
| 040 | _bspa | ||
| 082 | _aI823 G796ul | ||
| 100 | _aGreene Graham | ||
| 245 | 0 | _aLa ultima palabra y otros relatos | |
| 260 | _c1991 | ||
| 264 | _aBarcelona (EspaƱa) : Norma | ||
| 942 |
_2ddc _cBKS |
||
| 999 |
_c18383 _d18383 |
||